| 000 | 00760nam a2200229Ia 4500 | ||
|---|---|---|---|
| 003 | GCL | ||
| 008 | 140319s9999 xx 000 0 ara d | ||
| 040 |
_aGCL / _cGCL |
||
| 082 | 0 | 4 |
_a413 _bف د |
| 100 | 1 | _aابراهيم انيس | |
| 245 | 1 | 0 |
_aديوان الادب: اول معجم عربى مرتب حسب الابنية / _cابراهيم انيس |
| 700 | 1 | _aاحمد مختار عمر | |
| 700 | 1 | _aالفارابى : ابوابراهيم اسحاق بن ابراهيم | |
| 260 |
_aالقاهرة : _bمجمع اللغة العربية ، _c1975 |
||
| 300 |
_a705 ص ؛ _c26 سم |
||
| 490 | _a | ||
| 650 | 0 | 4 | _aالنحو |
| 650 | 0 | 4 | _aاللغة العربية |
| 650 | 0 | 4 | _aالمعاجم |
| 650 | 0 | 4 | _aالافعال |
| 942 |
_2ddc _cBK |
||
| 999 |
_c33043 _d33043 |
||